000 01316cam a2200421 4500
008 000000n2004 000 0 eng u
020 _a0421843004
020 _a0421842601
035 _a(Sirsi) u126283
041 _aeng
050 _a346.4102
_c18
245 _aChitty on contracts
_bvolume II - specific contracts
250 _a29th ed.
260 _aLondon
_bSweet and Maxwell
_c2004
300 _a2 v. (cccxxxiv, 1785p.)
_c25cm.
350 _a330
490 _aSweet and Maxwell Common Law Library
_v2
505 _aAgency
505 _aArbitration
505 _aBailment
505 _aBills of exchange and banking
505 _aCarriage by air
505 _aCarriage by land
505 _aConstruction contracts
505 _aCredit and security
505 _aEmployment
505 _aGaming and wagering
505 _aInsurance
505 _aRestrictive agreements and competition
505 _aSale of goods
505 _aSuretyship
520 _aSecond volume of this two volume work looking in detail at specific types of contracts. Includes tables of statutes, statutory instruments, non-UK statutory material, cases and European cases.
650 _aCONTRACT LAW
650 _aContracts
_96232
690 _aLAW
700 _aBeale, H.G.
_xEditor
942 _n0
999 _c103598
_d103598